MDQL
is popping MORE tags! Check the
thread
!
Quizzes
Events
Quiz Creation
Community
Videos
Private Events
Remove Ads
Sign In
Join for FREE
Feedback
Dark Mode
Quiz Categories
Sports
Geography
Music
Movies
Television
Just For Fun
Miscellaneous
History
Literature
Language
Science
Gaming
Entertainment
Religion
Holiday
For Kids
Quiz Lab
Recent
Popular Today
Quiz Kudos Today
Editor Picks
Curator Picks
Quizzes by...
Day
Popularity
Type
Ratings
Length
Year
Community
Subscriptions
Recent Discussions
Orange Saloon
Badges
Playlists
Quests
Create
Leaderboards
Showdown
Live 5
Trivia Bingo
Activity
Puzzle Library
Sporcle Events
Private Events
Virtual Trivia
Globe League
Become a Host
Pub Owners
SporcleCon
Opinionation
Our Games
Videos
Blog
Mobile Apps
Partnerships
Remove Ads and Go Orange
Feedback
Music
Pop Music
The Beatles
Song
Album
Lyrics
Bands
Singers
Artist
Clip
Rock
Rap
Classical
Billboard
Country Music
Kpop
Taylor Swift
Music
Pop Music
The Beatles
Song
Album
Lyrics
Bands
Singers
Artist
Clip
Rock
Rap
Classical
Billboard
Country Music
Kpop
Taylor Swift
Random Quiz
Search Sporcle
×
Quiz Lab
Quiz Lab
Music
Rise Against
Type in answers that appear in a list
Type in answers that appear in a list
Classic
Best Score? Go Orange.
Can you name all of the Rise Against Stats
Can you name the Can you name all of the Rise Against ?
By
JaredJoy
10m
89 Questions
328 Plays
328 Plays
328 Plays
Comments
Comments
Give Quiz Kudos
Give Quiz Kudos
-
- Ratings
hide this ad
Replay
Link that replays current quiz
Next Quiz
Link to next quiz in quiz playlist
You Got
0%
They Got
Avg Score
44%
Avg Friend Score
Upgrade to see
Score Distribution
Jump to the score distribution portion of the page
Score
0/89
Timer
10:00
0
Plays Today
% Correct
Prayer of the Refugee
81.7%
Savior
79.9%
Swing Life Away
78%
Ready to Fall
75.9%
Give it All
74.1%
The Good Left Undone
72.6%
Hero of War
72.6%
Injection
70.4%
Paper Wings
69.5%
Drones
69.5%
State of the Union
68.9%
Like The Angel
68%
Survive
67.7%
Audience of One
64.3%
Chamber the Cartridge
64%
The Dirt Whispered
62.8%
Bricks
62.5%
Roadside
61.9%
Long Forgotten Sons
61.6%
Blood to Bleed
61.3%
Black Masks & Gasoline
60.4%
Kotov Syndrome
60.1%
Life Less Frightening
58.5%
Entertainment
58.5%
Dancing For Rain
57%
Under the Knife
57%
Re-Education (Through Labor)
57%
The Approaching Curve
55.8%
Behind Closed Doors
55.2%
Heaven Knows
54.9%
% Correct
Everchanging
54.6%
Everchanging
54.6%
Collapse (Post-Amerika)
54.6%
From Heads Unworthy
54%
Rumors of My Demise Have Been Greatly Exaggerated
53.4%
Worth Dying For
52.7%
The Unraveling
52.1%
Tip the Scales
51.8%
Blood-Red, White & Blue
50.3%
To Them These Streets Belong
49.4%
The First Drop
49.1%
Hairline Fracture
49.1%
Whereabouts Unknown
48.5%
But Tonight We Dance
48.2%
401kill
46.6%
Anywhere But Here
46%
The Strength To Go On
45.4%
Torches
44.2%
My Life Inside Your Heart
43.6%
Alive and Well
42.1%
Voices Off Camera
41.5%
Broken English
41.5%
Anyway You Want It
41.5%
1000 Good Intentions
41.2%
Halfway There
39.3%
Elective Amnesia
39.3%
Six Ways Til Sunday
38.7%
Amber Changing
38.1%
Dead Ringer
36.9%
Gethsemane
36.9%
% Correct
Last Chance Blueprint
36.3%
Historia Calamitatum
32%
To The Core
30.5%
Join the Ranks
30.5%
3 Day Weekend
28%
Grammatizator
27.1%
Boy's No Good
26.5%
Fix Me
25.6%
Great Awakening
24.7%
Built to Last
23.8%
Obstructed View
23.5%
Generation Lost
23.5%
Death Blossoms
22.9%
Little Boxes
22.9%
Stained Glass and Marble
22.6%
Faint Resemblance
21.6%
Nervous Breakdown
21.3%
Making Christmas
21%
The Art of Losing
20.4%
Remains of Summer Memories
20.1%
Reception Fades
20.1%
Sometimes Selling Out is Giving Up
20.1%
Weight of Time
19.2%
Voice of Dissent
17.1%
Sight Unseen
17.1%
Minor Threat
15.2%
For What It's Worth
15.2%
Tour Song
10.4%
Who'll Stop the Rain
7.9%
Quiz Playlist
Details
Report
Send in Message
Add To Playlist
Classic:
Type in answers that appear in a list
Last Updated: Feb 16, 2017
Quiz Scoreboard
CHALLENGE
Sign Up to Join the Scoreboard
Show All
Scores
Hide
Comments
May contain spoilers
Recently Published
1-10 Letter E Words III
by El_Dandy
Language
2m
Street Fighter Characters
by Artimus82
Gaming
60s
College Basketball Coaching Resumes
by pancakes188
Sports
9m
More to Explore
Quiz From the Vault
Featured Blog Post
Where Did the Easter Bunny Come From?
hide this ad
You Might Also Like...
Tags
Against
rise
Rise Against
Today's Top Quizzes in Music
Browse Music
hide this ad
Top Contributed Quizzes in Music
1
Taylor Swift All Songs (2024)
2
Taylor Swift Logic Puzzle
3
Guess the Artist- 70s Songs
4
7-to-1: Billboard Hot 100 #1 Hits of 2010s
5
Sorting Albums and Songs
6
KPOP LOGIC QUIZ
7
Billboard Blitz: Aretha Franklin
8
Guess the Taylor Swift song (Mystery Song)
9
Guess The Taylor Swift Lyrics Song #1
10
Billboard Blitz: ABBA
Explore More
Trending Topics
Harry Potter
Crossword
Disney
NBA
Kpop
Marvel
Anime
Country
Pokémon
Puzzle
Soccer
Song
WWE
NFL
The Office
hide this ad
More By:
JaredJoy
Quiz
Plays
Rating
Category
Featured
Created
Can you name all of the Rise Against
328
4.50
Music
Jan 13, 2010
Go to Creator's Profile
Score Distribution
Quiz Creator Spotlight
JaredJoy
Follow
Send a Message
Quizzes Created
-
Created Quiz Play Count
-
More By This Creator
Popular Quizzes Today
1
Find the US States - No Outlines Minefield
2
Find the Countries of Europe - No Outlines Minefield
3
The Countries of the World
4
Find the US States
5
Risky Map Clicking: Biggest States A-Z
6
US States
7
Popular People in 1961
8
Movies - When Are They Set?
More Music Quizzes
Singers by Backup Group (A-K)
Curator's Pick
Trending Quizzes
Risky Map Clicking: Least Populous States A-Z
1-10 Letter G Words
1-10 Letter F Words
Countries of the World: 200 Million BC
Risky Map Clicking: Next State Alphabetically
Recently Updated
Beyoncé Albums
pecheneg
Leaping Animals
pecheneg
Reality TV Shows (A-Z)
bhenderson79
Rickey Henderson's Hall of Fame Teammates
pecheneg
Champions League XIs: Arsenal
pecheneg
Quick Pick: Celebrities in WWE's Hall of Fame
aduchscher
A-Z Keypad Blitz II
pecheneg
Multiple Oscar Actors
pecheneg
Mystery Phrase Blitz: Oscar 'Best Actors'
pecheneg
F. Scott Fitzgerald Novels
LTH
Trending Topics
Crossword
NBA
Harry Potter
Marvel
Disney
Anime
Kpop
The Office
WWE
NFL
Soccer
Pokémon
Song
Puzzle
Country
Your Account Isn't Verified!
In order to create a playlist on Sporcle, you need to verify the email address you used during registration. Go to your
Sporcle Settings
to finish the process.
Report this User
Report this user for behavior that violates our
Community Guidelines
.
Details:
Send Report
Go to the Sporcle.com Mobile Site →
Comments